Hướng dẫn lập trình quản lý với Microsoft Access
Giáo trình này giới thiệu về phần mềm quản trị cơ sở dữ liệu Microsoft Access - một phần mềm với tính năng nổi trội là tiện ích, dễ sử dụng
সংরক্ষণ করুন:
| প্রধান লেখক: | |
|---|---|
| বিন্যাস: | গ্রন্থ |
| ভাষা: | Vietnamese |
| প্রকাশিত: |
H.
Thanh niên
2018
|
| মালা: | Tủ sách STK
|
| বিষয়গুলি: | |
| ট্যাগগুলো: |
ট্যাগ যুক্ত করুন
কোনো ট্যাগ নেই, প্রথমজন হিসাবে ট্যাগ করুন!
|
| Thư viện lưu trữ: | Thư viện Trường Đại học Nam Cần Thơ |
|---|
| LEADER | 01023nam a22002057a 4500 | ||
|---|---|---|---|
| 001 | NCT_143282 | ||
| 008 | 181018b xxu||||| |||| 00| 0 vie d | ||
| 999 | |c 7377 |d 7377 | ||
| 020 | |a 9786049707919 |c 126000 | ||
| 082 | 0 | 4 | |2 23rd ed. |a 005.7565 |b Ngh301 |
| 100 | 1 | |a Huỳnh Tôn Nghĩa | |
| 245 | 1 | 0 | |a Hướng dẫn lập trình quản lý với Microsoft Access |c Huỳnh Tôn Nghĩa |
| 260 | |a H. |b Thanh niên |c 2018 | ||
| 300 | |a 400 tr. |b Minh họa |c 24cm | ||
| 490 | 0 | |a Tủ sách STK | |
| 520 | 3 | |a Giáo trình này giới thiệu về phần mềm quản trị cơ sở dữ liệu Microsoft Access - một phần mềm với tính năng nổi trội là tiện ích, dễ sử dụng | |
| 653 | |a Công nghệ thông tin | ||
| 942 | |2 ddc |c BK | ||
| 952 | |0 0 |1 0 |2 ddc |4 0 |6 005_756500000000000_NGH301 |7 0 |9 26532 |a 000001 |b 000001 |d 2022-12-19 |o 005.7565 Ngh301 |p MD.20936 |r 2022-12-19 |v 126000.00 |w 2022-12-19 |y BK | ||
| 980 | |a Thư viện Trường Đại học Nam Cần Thơ | ||


